El mundo de Max : (Record no. 147746)

MARC details
000 -CABECERA
campo de control de longitud fija 00692nam a2200205 u 4500
005 - FECHA Y HORA DE LA ÚLTIMA TRANSACCIÓN
campo de control 20210223131255.0
008 - ELEMENTOS DE LONGITUD FIJA--INFORMACIÓN GENERAL
campo de control de longitud fija 100430s2008 es r 000 0 spa d
020 ## - NÚMERO INTERNACIONAL NORMALIZADO PARA LIBROS
Número Internacional Estándar del Libro 97884839320007
035 ## - NÚMERO DE CONTROL DEL SISTEMA
Número de control de sistema UPN01000175643
049 ## - COLECCIÓN
Colección CG
050 #4 - SIGNATURA TOPOGRÁFICA DE LA BIBLIOTECA DEL CONGRESO
Número de clasificación Q164
Número de documento/Ítem F4.5
100 1# - ASIENTO PRINCIPAL--NOMBRE PERSONAL
Nombre de persona Fernández Panadero, Javier
9 (RLIN) 30252
245 13 - MENCIÓN DE TÍTULO
Título El mundo de Max :
Resto del título la ciencia para todos /
Mención de responsabilidad, etc. Javier Fernández Panadero ; il. de Olga Rienda Sevilla.
260 ## - PUBLICACIÓN, DISTRIBUCIÓN, ETC.
Lugar de publicación, distribución, etc. Madrid :
Nombre del editor, distribuidor, etc. Páginas de Espuma,
Fecha de publicación, distribución, etc. 2008.
300 ## - DESCRIPCIÓN FÍSICA
Extensión 187 p. :
Otras características físicas il.
440 #0 - MENCIÓN DE SERIE/ASIENTO SECUNDARIO--TÍTULO
Título Voces / Ensayo ;
Designación de volumen o secuencia 90
650 #4 - ASIENTO SECUNDARIO DE MATERIA - TERMINO TEMATICO
Término de materia o nombre geográfico como elemento de entrada CIENCIA -
Subdivisión general EXPERIMENTOS -
Subdivisión de forma LITERATURA JUVENIL
9 (RLIN) 6316
650 #4 - ASIENTO SECUNDARIO DE MATERIA - TERMINO TEMATICO
Término de materia o nombre geográfico como elemento de entrada PROYECTOS CIENTIFICOS -
Subdivisión de forma LITERATURA JUVENIL
9 (RLIN) 13776
905 ## - TIPO DE MATERIAL
Tipo de material Libro
Holdings
Estado de retiro Estado de pérdida Fuente del sistema de clasificación o colocación Estado dañado No para préstamo Código de colección Localización permanente Ubicación/localización actual Ubicación en estantería Total de préstamos Clasificación Código de barras Fecha visto por última vez Número de copia Tipo de ítem Koha
    Library of Congress Classification     Colección General Bib. Gregorio Torres Quintero Bib. Gregorio Torres Quintero Planta baja   Q164 F4.5 284815 31/12/2020 1 Libro
    Library of Congress Classification     Colección General Bib. Gregorio Torres Quintero Bib. Gregorio Torres Quintero Planta baja   Q164 F4.5 293956 31/12/2020 1 Libro
    Library of Congress Classification     Colección General Bib. Gregorio Torres Quintero Bib. Gregorio Torres Quintero Planta baja 3 Q164 F4.5 274195 31/12/2020 1 Libro